| 000 | 00406nam a2200157Ia 4500 | ||
|---|---|---|---|
| 005 | 20250329114722.0 | ||
| 008 | 231217s9999 xx 000 0 und d | ||
| 020 | _a9788131413302 | ||
| 082 | _a348.02 VID;1 R | ||
| 100 | _aVidya, C ed. | ||
| 245 | 0 | _aCyber crimes to cyber terrorsim | |
| 260 |
_c2007 _bIcfai _aHyderabad |
||
| 300 | _avi, 193 | ||
| 650 | _aCyber,crimes,cyber,terrorsim | ||
| 942 | _cAA | ||
| 999 |
_c189096 _d189096 |
||